000 00568nam a2200229Ia 4500
003 OSt
005 20220924141401.0
006 a|||||r|||| 00| 0
007 ta
008 220923b |||||||| |||| 00| 0 ben d
024 _a298113
037 _cTextual
040 _aARTS
_cARTS
_bben
041 _2ben
_aben
082 _aO157,3NDE3,1, N0
100 _aDeb Anish
_9209562
245 0 _aGalap bagane jhar
260 _c1990
650 _aBENGALI LITERATURE
942 _hO157,3NDE3,1, N0
_cTEXL
_2CC
999 _c447141
_d447141